LIBRARY & INFORMATION CENTRE, KCAET, TAVANUR

ONLINE PUBLIC ACCESS CATALOGUE (OPAC)

Design of machine elements / (Record no. 9200)

MARC details
000 -LEADER
fixed length control field 00581cam a2200229ua 4500
020 ## - INTERNATIONAL STANDARD BOOK NUMBER
ISBN 0 87692 395 3
041 ## - LANGUAGE CODE
Language code of text/sound track or separate title eng
082 ## - DEWEY DECIMAL CLASSIFICATION NUMBER
Classification number 621.815
Item number SPO/DE
100 ## - MAIN ENTRY--AUTHOR NAME
Personal name Spotts, M F .
245 ## - TITLE STATEMENT
Title Design of machine elements /
250 ## - EDITION STATEMENT
Edition statement 6 /
260 ## - PUBLICATION, DISTRIBUTION, ETC. (IMPRINT)
Place of publication New Delhi :
Name of publisher Prentice Hall of India Pvt Ltd. ,
Year of publication 1991.
300 ## - PHYSICAL DESCRIPTION
Number of Pages 730 ; .
700 1# - ADDED ENTRY--PERSONAL NAME
Personal name Shoup, T.E .
942 ## - ADDED ENTRY ELEMENTS (KOHA)
Koha item type Books
Holdings
Withdrawn status Lost status Damaged status Home library Current library Date acquired Full call number Accession Number Koha item type
      KAUAET KAUAET 07/04/2012 621.815 18018 Books
      KAUAET KAUAET 07/04/2012 621.815 10858 Books
      KAUAET KAUAET 07/04/2012 621.815 21771 Books
      KAUAET KAUAET 07/04/2012 621.815 21987 Books
free website counter